Project Management for Engineering and Construction

Saved in:
Bibliographic Details
Main Author: Oberlender, Garold D.
Format: Book
Language:English
Published: New York : McGraw-Hill, c1993
Series:McGraw-Hill series in construction engineering and project management
Subjects:
Tags: Add Tag
No Tags, Be the first to tag this record!

MARC

LEADER 00000nam a2200000 i 4500
001 1/39311
008 950201s1993 eng d
020 |a 0-07-112753-4 
035 |a 1995  |c ΠΑΠΑΔΟΠΟΥΛΟΣ  |l 10040979 
040 |a GR-MY-UA  |b gre  |e aacr 
041 0 |a eng 
082 0 |a 658.404 
100 1 |a Oberlender, Garold D. 
245 1 0 |a Project Management for Engineering and Construction /  |c Garold B. Oberlender 
260 |a New York :   |b McGraw-Hill,   |c c1993 
300 |a 272 p.;  |c 23 cm. 
490 1 |a McGraw-Hill series in construction engineering and project management 
500 |a Includes bibliographical references and index 
650 0 0 |a Engineering  |x Management. 
830 0 |a McGraw-Hill series in construction engineering and project management 
852 |a INST  |b SAMOS  |e 19950201  |h 658.404 OBE  |p 005300006031  |q 005300006031  |t BK  |y 0 
909 |a Σ  |b 038698